[Event "GBR-ch 103th"]
[Site "Bournemouth"]
[Date "2016.07.25"]
[Round "1.26"]
[White "Asenov, Pavel"]
[Black "Starley, Robert"]
[Result "1-0"]
[WhiteElo "2250"]
[BlackElo "2001"]
[PlyCount "109"]
[EventDate "2016.07.25"]
[EventType "swiss"]
[EventRounds "11"]
[EventCountry "GBR"]

1. Nf3 d5 2. c4 d4 3. b4 g6 4. Bb2 Bg7 5. g3 e5 6. d3 Bg4 7. Nbd2 Nd7 8. Bg2
Qe7 9. Rb1 h6 10. h3 Be6 11. O-O Ngf6 12. Qa4 O-O 13. Qb5 Rab8 14. Qa5 c6 15.
Nxe5 Nxe5 16. Qxe5 Qxb4 17. Nf3 Nh5 18. Bxd4 Qxb1 19. Rxb1 Bxe5 20. Bxe5 Rbd8
21. Rxb7 Rd7 22. Rb3 Re8 23. g4 Ng7 24. Bf4 g5 25. Be3 Rc7 26. Bc5 Bc8 27. e3
Ne6 28. Bd6 Rb7 29. Ra3 a6 30. Ne5 Rb1+ 31. Kh2 Bb7 32. Nxc6 Rb6 33. Ne7+ Kh7
34. c5 Rb2 35. Bxb7 Rxb7 36. Nd5 Rc8 37. d4 Rb2 38. Kg3 h5 39. Rxa6 f5 40. gxf5
Ng7 41. e4 h4+ 42. Kf3 Nh5 43. Ra7+ Kh6 44. Ne7 Rf8 45. c6 g4+ 46. hxg4 Ng7 47.
Bf4+ Kh7 48. Ng6 Rc8 49. Be5 Rxc6 50. Rxg7+ Kh6 51. g5+ Kxg5 52. Ne7+ Kh6 53.
Ng8+ Kh5 54. Rh7+ Kg5 55. Bf4# 1-0

[Event "GBR-ch 103th"]
[Site "Bournemouth"]
[Date "2016.07.25"]
[Round "1.27"]
[White "Ralphs, Nigel"]
[Black "Osborne, Marcus E"]
[Result "1/2-1/2"]
[WhiteElo "2000"]
[BlackElo "2244"]
[PlyCount "123"]
[EventDate "2016.07.25"]
[EventType "swiss"]
[EventRounds "11"]
[EventCountry "GBR"]

1. e4 e6 2. d4 d5 3. e5 c5 4. c3 Nc6 5. Nf3 Bd7 6. Be2 Nge7 7. Na3 Ng6 8. Nc2
cxd4 9. cxd4 Be7 10. O-O O-O 11. g3 f6 12. h4 Nh8 13. exf6 Bxf6 14. Bg5 Nf7 15.
Bxf6 Qxf6 16. Ne3 Nh6 17. Qd2 Be8 18. Rad1 Bh5 19. Ng5 Bxe2 20. Qxe2 Rae8 21.
Qd3 Nf5 22. Nxf5 Qxf5 23. f4 h6 24. Qxf5 exf5 25. Nf3 Re4 26. Kf2 Rd8 27. Rd2
a5 28. Rc1 a4 29. Rc5 Kf8 30. Rb5 Rd7 31. Ne5 Rc7 32. Rxd5 Nb4 33. Rc5 Rxc5 34.
dxc5 Ke8 35. a3 Na6 36. Rc2 g5 37. hxg5 hxg5 38. Kf3 Nc7 39. Re2 Rxe2 40. Kxe2
gxf4 41. gxf4 Ne6 42. Ke3 Nxc5 43. Kd2 Ke7 44. Kc3 Kd6 45. Kc4 Ne6 46. Nf7+ Ke7
47. Nh6 Kf6 48. Kb5 Nxf4 49. Kxa4 Nd5 50. Nxf5 Kxf5 51. Kb5 Ke5 52. a4 Kd6 53.
a5 Kd7 54. Kc5 Nc7 55. b4 Kc8 56. b5 Ne6+ 57. Kb6 Nf8 58. Kc5 Nd7+ 59. Kd6 Nf6
60. a6 Ne4+ 61. Ke5 bxa6 62. bxa6 1/2-1/2

[Event "GBR-ch 103th"]
[Site "Bournemouth"]
[Date "2016.07.25"]
[Round "1.29"]
[White "Grieve, Harry"]
[Black "Rudd, Jack"]
[Result "0-1"]
[WhiteElo "1994"]
[BlackElo "2213"]
[PlyCount "100"]
[EventDate "2016.07.25"]
[EventType "swiss"]
[EventRounds "11"]
[EventCountry "GBR"]

1. d4 d6 2. Nf3 Bg4 3. e4 Nf6 4. Nc3 e6 5. h3 Bh5 6. Be2 Be7 7. O-O O-O 8. Be3
c6 9. Nd2 Bxe2 10. Qxe2 d5 11. Rad1 dxe4 12. Ndxe4 Nbd7 13. Nxf6+ Nxf6 14. Bg5
Nd5 15. Bxe7 Qxe7 16. Ne4 Rfd8 17. c4 Nf6 18. Rd2 Nxe4 19. Qxe4 Qb4 20. Qe2 Rd7
21. Rfd1 Rad8 22. Qd3 g6 23. Qc3 Qe7 24. b3 Qg5 25. Rd3 Qf4 26. Rf3 Qe4 27. Re3
Qh4 28. Red3 b6 29. R3d2 Qe4 30. Qe3 Qf5 31. Qc3 h5 32. Kf1 Qf4 33. Qe3 Qh2 34.
f4 c5 35. dxc5 Qh1+ 36. Kf2 Qxd1 37. Rxd1 Rxd1 38. cxb6 R8d2+ 39. Kf3 axb6 40.
Qxb6 Rd3+ 41. Ke4 Kg7 42. Qb7 Rd7 43. Qc6 R1d2 44. f5 R7d4+ 45. Kf3 R4d3+ 46.
Kf4 exf5 47. c5 Rf2+ 48. Ke5 Re2+ 49. Kf4 f6 50. Qb7+ Kh6 0-1

[Event "GBR-ch 103th"]
[Site "Bournemouth"]
[Date "2016.07.25"]
[Round "1.30"]
[White "Nelson, Jonathan P"]
[Black "Elwin, Adrian G"]
[Result "1-0"]
[WhiteElo "2207"]
[BlackElo "1992"]
[PlyCount "81"]
[EventDate "2016.07.25"]
[EventType "swiss"]
[EventRounds "11"]
[EventCountry "GBR"]

1. d4 Nf6 2. c4 g6 3. Nc3 Bg7 4. e4 d6 5. Be2 O-O 6. f4 c6 7. Nf3 Nbd7 8. e5
Ne8 9. Be3 Nc7 10. O-O c5 11. dxc5 dxe5 12. fxe5 Nxe5 13. Nxe5 Bxe5 14. Bf3 Rb8
15. Qe1 Ne6 16. Rd1 Qa5 17. Rd5 Qc7 18. g3 a6 19. Kg2 Bd7 20. Bg1 Bg7 21. b4
Bc6 22. h4 Bxd5 23. Nxd5 Qe5 24. Nxe7+ Kh8 25. Qxe5 Bxe5 26. Nd5 Kg7 27. Nb6
Rfd8 28. Bd5 Bc3 29. a3 Bf6 30. g4 Bxh4 31. Bh2 Bg5 32. Be5+ Kg8 33. Bxb8 Rxb8
34. Bxe6 fxe6 35. Rd1 Rd8 36. Nd7 e5 37. Kf3 Kg7 38. Ke4 Bf4 39. b5 Rc8 40. c6
bxc6 41. b6 1-0

[Event "GBR-ch 103th"]
[Site "Bournemouth"]
[Date "2016.07.25"]
[Round "1.31"]
[White "Golding, James"]
[Black "Brooks, Phil J"]
[Result "1/2-1/2"]
[WhiteElo "1991"]
[BlackElo "2190"]
[PlyCount "57"]
[EventDate "2016.07.25"]
[EventType "swiss"]
[EventRounds "11"]
[EventCountry "GBR"]

1. d4 e6 2. c4 Bb4+ 3. Bd2 a5 4. Nf3 Nf6 5. g3 b6 6. Bg2 Bb7 7. O-O O-O 8. Bxb4
axb4 9. Nbd2 c5 10. Re1 d5 11. Ne5 Nc6 12. Nxc6 Bxc6 13. Nb3 Qe7 14. Qc2 Rfc8
15. cxd5 Bxd5 16. dxc5 Bxg2 17. Kxg2 bxc5 18. Nd2 Ra6 19. a4 bxa3 20. Rxa3 Rxa3
21. bxa3 h6 22. a4 Nd5 23. Rb1 Qc7 24. Nc4 Nb4 25. Qb3 Rd8 26. a5 Rd4 27. Rc1
Qc6+ 28. Qf3 Qa6 29. Qb3 1/2-1/2

[Event "GBR-ch 103th"]
[Site "Bournemouth"]
[Date "2016.07.25"]
[Round "1.32"]
[White "Willmoth, Robert F"]
[Black "Brewer, Callum D"]
[Result "1-0"]
[WhiteElo "2189"]
[BlackElo "1988"]
[PlyCount "85"]
[EventDate "2016.07.25"]
[EventType "swiss"]
[EventRounds "11"]
[EventCountry "GBR"]

1. d4 Nf6 2. Nf3 e6 3. g3 d5 4. c4 Be7 5. Bg2 O-O 6. O-O dxc4 7. Qc2 a6 8. Qxc4
b5 9. Qc2 Bb7 10. Bd2 Be4 11. Qb3 Nc6 12. e3 b4 13. Rc1 Qd6 14. Ne1 Bxg2 15.
Kxg2 Rfc8 16. Qc2 Nd8 17. Nd3 a5 18. a3 bxa3 19. Nxa3 Ne4 20. Be1 Qd5 21. f3
Ng5 22. Qe2 f5 23. Nc4 a4 24. Rc2 Qb7 25. Rac1 c5 26. dxc5 Rab8 27. Nb6 Rc7 28.
h4 Ngf7 29. Nxa4 Qa7 30. Rc4 Nc6 31. f4 Na5 32. Bxa5 Qxa5 33. Qc2 Nh6 34. b4
Qa8+ 35. c6 Ng4 36. Re1 Qa7 37. Nac5 Rxc6 38. Nf2 Nxf2 39. Kxf2 Qc7 40. Rc1 Qb6
41. Nd7 Rxc4 42. Qxc4 Qxb4 43. Nxb8 1-0

[Event "GBR-ch 103th"]
[Site "Bournemouth"]
[Date "2016.07.25"]
[Round "1.33"]
[White "Clark, Ian C"]
[Black "Britton, Richard L"]
[Result "1/2-1/2"]
[WhiteElo "1963"]
[BlackElo "2188"]
[PlyCount "41"]
[EventDate "2016.07.25"]
[EventType "swiss"]
[EventRounds "11"]
[EventCountry "GBR"]

1. e4 c5 2. Nf3 d6 3. d4 cxd4 4. Nxd4 Nf6 5. Nc3 a6 6. Be3 e5 7. Nf3 h6 8. Bc4
Be6 9. Bd5 Qc7 10. O-O Nbd7 11. Rc1 Be7 12. h3 O-O 13. Qd2 Kh7 14. Rfd1 Rac8
15. Qe2 Nxd5 16. Nxd5 Bxd5 17. exd5 b5 18. Nd2 f5 19. c4 Qb7 20. f4 Rce8 21.
cxb5 1/2-1/2

[Event "GBR-ch 103th"]
[Site "Bournemouth"]
[Date "2016.07.25"]
[Round "1.34"]
[White "Jones, Steven A"]
[Black "Golding, Alex"]
[Result "1-0"]
[WhiteElo "2186"]
[BlackElo "1961"]
[PlyCount "81"]
[EventDate "2016.07.25"]
[EventType "swiss"]
[EventRounds "11"]
[EventCountry "GBR"]

1. e4 c5 2. Nf3 d6 3. d4 cxd4 4. Nxd4 Nf6 5. Nc3 a6 6. Bg5 Nbd7 7. Bc4 e6 8.
Qe2 Qa5 9. Bd2 Qb6 10. Nb3 Be7 11. f4 Qc7 12. g4 b5 13. Bd3 b4 14. Nd1 d5 15.
Nf2 dxe4 16. Nxe4 Bb7 17. O-O-O Rc8 18. Nxf6+ Nxf6 19. Rhe1 O-O 20. Kb1 Bd5 21.
g5 Nd7 22. f5 Bd6 23. f6 g6 24. h4 Ne5 25. Be4 Bc4 26. Qg2 Nd7 27. h5 Nc5 28.
Nxc5 Bxc5 29. hxg6 fxg6 30. b3 Bb5 31. Qh3 Qf7 32. Bf3 Rfe8 33. Bg4 Rc6 34. Bf4
a5 35. Be5 a4 36. Rd2 Ra6 37. Red1 axb3 38. cxb3 Qb7 39. Bf3 Bc6 40. Bxc6 Rxc6
41. Rd7 1-0

[Event "GBR-ch 103th"]
[Site "Bournemouth"]
[Date "2016.07.25"]
[Round "1.35"]
[White "Davis, Lee"]
[Black "Oyama, Akito"]
[Result "0-1"]
[WhiteElo "1946"]
[BlackElo "2183"]
[PlyCount "82"]
[EventDate "2016.07.25"]
[EventType "swiss"]
[EventRounds "11"]
[EventCountry "GBR"]

1. d4 Nf6 2. g3 c5 3. Nf3 cxd4 4. Qxd4 Nc6 5. Qa4 g6 6. Bg2 Bg7 7. O-O O-O 8.
Bd2 d5 9. Bc3 Re8 10. Ne5 Qc7 11. Nxc6 bxc6 12. Bxf6 Bxf6 13. Bxd5 Bd7 14. Bb3
c5 15. Qe4 Bxb2 16. Nd2 Bxa1 17. Rxa1 Bf5 18. Qh4 Qe5 19. Re1 Kg7 20. Nf3 Qf6
21. Ng5 h6 22. Nxf7 Qxh4 23. gxh4 Bxc2 24. Bc4 Rab8 25. Ne5 Rb1 26. Rxb1 Bxb1
27. Nc6 Kf6 28. f4 Bf5 29. a3 a6 30. Kf2 Be6 31. Bd3 c4 32. Bc2 g5 33. hxg5+
hxg5 34. fxg5+ Kxg5 35. Kg3 Rh8 36. Nd4 Bg4 37. Nf3+ Bxf3 38. exf3 e5 39. Be4
a5 40. Bc2 c3 41. a4 Rh4 0-1

[Event "GBR-ch 103th"]
[Site "Bournemouth"]
[Date "2016.07.25"]
[Round "1.36"]
[White "Coleman, David J"]
[Black "Keely, Leo A"]
[Result "1/2-1/2"]
[WhiteElo "2181"]
[BlackElo "1938"]
[PlyCount "122"]
[EventDate "2016.07.25"]
[EventType "swiss"]
[EventRounds "11"]
[EventCountry "GBR"]

1. e4 d5 2. exd5 Nf6 3. c4 c6 4. Nc3 cxd5 5. d4 Nc6 6. Bg5 Be6 7. Be2 h6 8.
Bxf6 exf6 9. Bf3 Bb4 10. Nge2 O-O 11. O-O Ne7 12. Nf4 dxc4 13. Bxb7 Rb8 14. Be4
Bd6 15. Nxe6 fxe6 16. Qe2 Qc7 17. g3 e5 18. dxe5 Bxe5 19. Rac1 Kh8 20. Rfd1 f5
21. Bg2 f4 22. Na4 fxg3 23. hxg3 Rfc8 24. Bf1 Rb4 25. b3 c3 26. Rd3 Bf6 27. Bh3
Re8 28. Nxc3 Qb8 29. Re1 Rf8 30. Ne4 Ng8 31. Be6 Qb6 32. Bxg8 Kxg8 33. Nxf6+
Qxf6 34. Qe6+ Kh7 35. Qxf6 Rxf6 36. Re7 Ra6 37. a4 Rab6 38. Rdd7 Rg6 39. Rb7
Rxb7 40. Rxb7 a5 41. Kg2 Rc6 42. Rb5 Rc3 43. g4 g5 44. Kf1 Kg7 45. Ke2 Kh7 46.
f3 Kg7 47. b4 axb4 48. Rxb4 Ra3 49. f4 gxf4 50. Rxf4 Kg6 51. Kd2 h5 52. gxh5+
Kxh5 53. Kc2 Kg5 54. Rb4 Kf5 55. Kb2 Rh3 56. a5 Ke5 57. a6 Rh8 58. Kb3 Kd5 59.
Ka4 Kc6 60. Ka5 Rh5+ 61. Ka4 Rh1 1/2-1/2

[Event "GBR-ch 103th"]
[Site "Bournemouth"]
[Date "2016.07.25"]
[Round "1.37"]
[White "Shepherd, Katherine M"]
[Black "Taylor, Adam A"]
[Result "0-1"]
[WhiteElo "1932"]
[BlackElo "2168"]
[PlyCount "74"]
[EventDate "2016.07.25"]
[EventType "swiss"]
[EventRounds "11"]
[EventCountry "GBR"]

1. d4 Nf6 2. Nf3 c5 3. e3 g6 4. c4 Bg7 5. Nbd2 O-O 6. b3 cxd4 7. exd4 d5 8. Bb2
Nc6 9. Bd3 dxc4 10. Nxc4 Nd5 11. h3 Nf4 12. Bf1 b5 13. Ne3 Ne6 14. Nc2 Qb6 15.
Qd3 a6 16. Rd1 Rd8 17. Qe3 Bb7 18. Bc3 Nc7 19. Qd2 e5 20. Be2 exd4 21. Nfxd4
Ne6 22. Qe3 Nexd4 23. Nxd4 Nxd4 24. Bxd4 Bxd4 25. Qg3 Re8 26. Kf1 Rad8 27. Qf4
Be5 28. Rxd8 Qxd8 29. Qb4 Qg5 30. Qa3 Qxg2+ 31. Ke1 Qxh1+ 32. Kd2 Rd8+ 33. Bd3
Bf4+ 34. Kc3 Qe1+ 35. Kc2 Qd2+ 36. Kb1 Qd1+ 37. Kb2 Qc1# 0-1

[Event "GBR-ch 103th"]
[Site "Bournemouth"]
[Date "2016.07.25"]
[Round "1.38"]
[White "Wall, Tim P"]
[Black "Dalton, Joseph"]
[Result "1-0"]
[WhiteElo "2162"]
[BlackElo "1928"]
[PlyCount "37"]
[EventDate "2016.07.25"]
[EventType "swiss"]
[EventRounds "11"]
[EventCountry "GBR"]

1. e4 g6 2. Nc3 Bg7 3. f4 c5 4. Nf3 Nc6 5. Bb5 d6 6. Bxc6+ bxc6 7. O-O d5 8. e5
d4 9. Ne4 Qd5 10. d3 c4 11. Re1 c5 12. dxc4 Qxc4 13. b3 Qb4 14. a4 Qb6 15. Ba3
d3 16. Bxc5 dxc2 17. Qxc2 Qb7 18. Bxe7 Qxe7 19. Qc6+ 1-0

[Event "GBR-ch 103th"]
[Site "Bournemouth"]
[Date "2016.07.25"]
[Round "1.39"]
[White "Zhu, Richard"]
[Black "Hackner, Oskar A"]
[Result "0-1"]
[WhiteElo "1905"]
[BlackElo "2156"]
[PlyCount "124"]
[EventDate "2016.07.25"]
[EventType "swiss"]
[EventRounds "11"]
[EventCountry "GBR"]

1. d4 Nf6 2. c4 e6 3. g3 d5 4. Bg2 dxc4 5. Nf3 c5 6. O-O Nc6 7. Qa4 Bd7 8. Qxc4
b5 9. Qd3 Rc8 10. dxc5 Bxc5 11. Nc3 b4 12. Nb5 O-O 13. Nd6 Nd4 14. Bf4 Nd5 15.
Ng5 g6 16. Nge4 Nxf4 17. gxf4 Bb6 18. Nxc8 Bb5 19. Qd2 Nxe2+ 20. Kh1 Qxc8 21.
Qxb4 Bc6 22. a4 f5 23. Ng3 Bxg2+ 24. Kxg2 Nd4 25. Rac1 Qb7+ 26. f3 a5 27. Qc4
Rd8 28. Ne2 Kf7 29. Nxd4 Rxd4 30. Qc6 Rd2+ 31. Kh3 Qxc6 32. Rxc6 Be3 33. Rc4
Rxb2 34. Re1 Bf2 35. Rd1 Kf6 36. Rd7 h6 37. Rc8 g5 38. Rf8+ Kg6 39. Rg8+ Kf6
40. Rf8+ Kg6 41. Re8 Re2 42. Rg8+ Kf6 43. Rf8+ Kg6 44. Rg8+ Kf6 45. fxg5+ hxg5
46. Ra7 Bxa7 47. Rf8+ Ke7 48. Rg8 Be3 49. Ra8 Bf4 50. Ra7+ Kd8 51. Rd7+ Kc8 52.
Rd8+ Kb7 53. Rd7+ Bc7 54. f4 Kc6 55. Rg7 g4+ 56. Kh4 Bxf4 57. Kh5 Rxh2+ 58. Kg6
Rh6+ 59. Kf7 Be5 60. Rg5 g3 61. Ke8 Kd6 62. Rg8 Rh8 0-1

[Event "GBR-ch 103th"]
[Site "Bournemouth"]
[Date "2016.07.25"]
[Round "1.40"]
[White "Graham, David B"]
[Black "Varney, Zoe"]
[Result "1-0"]
[WhiteElo "2152"]
[BlackElo "1818"]
[PlyCount "109"]
[EventDate "2016.07.25"]
[EventType "swiss"]
[EventRounds "11"]
[EventCountry "GBR"]

1. e4 e5 2. Nf3 Nc6 3. Bc4 Bc5 4. b4 Bxb4 5. c3 Ba5 6. d4 exd4 7. O-O Nge7 8.
Ng5 d5 9. exd5 Ne5 10. Qxd4 f6 11. Re1 Bb6 12. Qh4 N7g6 13. Qh5 Qe7 14. Ba3 Bg4
15. Bb5+ c6 16. dxc6 O-O-O 17. Bxe7 Nxe7 18. Qf7 Nxf7 19. cxb7+ Kb8 20. Nxf7
Nd5 21. Nxh8 Rxh8 22. Bc4 Rd8 23. a4 Kxb7 24. a5 Bc5 25. Ra2 Kc6 26. Rd2 Rd6
27. h3 Bf5 28. g4 Bxb1 29. Bxd5+ Rxd5 30. Rxd5 Kxd5 31. Rxb1 Kc4 32. Rb7 g5 33.
Rxh7 Kxc3 34. Rb7 Kd3 35. Kg2 Ke4 36. Rb5 Bd4 37. f3+ Kd3 38. Rb3+ Kc4 39. Rb7
Kd5 40. Kf1 Ke5 41. Ke2 Bg1 42. Rb5+ Kf4 43. Rf5+ Kg3 44. Rxf6 Kxh3 45. Kd3 Kg3
46. Ke4 Bc5 47. Rf5 Be7 48. Kd5 Bb4 49. a6 Bd2 50. Ke4 Kf2 51. f4 Kg3 52. fxg5
Kxg4 53. g6 Bc3 54. Rf7 Kg5 55. g7 1-0

[Event "GBR-ch 103th"]
[Site "Bournemouth"]
[Date "2016.07.25"]
[Round "1.41"]
[White "Miller, Dominic"]
[Black "Zhang, Anthony Y"]
[Result "0-1"]
[WhiteElo "1783"]
[BlackElo "2149"]
[PlyCount "115"]
[EventDate "2016.07.25"]
[EventType "swiss"]
[EventRounds "11"]
[EventCountry "GBR"]

1. e4 c5 2. Nc3 Nc6 3. Nf3 e5 4. Bc4 Be7 5. d3 Nf6 6. O-O O-O 7. Nd5 d6 8.
Nxe7+ Qxe7 9. h3 Na5 10. Bg5 h6 11. Bxf6 Qxf6 12. Qe2 Be6 13. Rad1 Rfe8 14. Nh2
Nc6 15. c3 Rad8 16. Ng4 Qg5 17. Bxe6 Rxe6 18. Qd2 Qg6 19. Ne3 Ne7 20. c4 f5 21.
exf5 Nxf5 22. Nxf5 Qxf5 23. Qe3 Rf8 24. Qe4 Qf7 25. Qd5 Kh7 26. Rde1 Rfe8 27.
Re3 R8e7 28. Rfe1 Qf8 29. Rf3 Rf6 30. Rxf6 Qxf6 31. Re3 Qf7 32. Qe4+ g6 33. Rf3
Qe6 34. Rf8 Kg7 35. Qf3 a6 36. Rb8 Qf7 37. Qxf7+ Kxf7 38. Rh8 Kf6 39. Rxh6 e4
40. dxe4 Rxe4 41. Rh7 b5 42. cxb5 Re1+ 43. Kh2 axb5 44. Rb7 b4 45. a3 Re2 46.
axb4 c4 47. Rc7 d5 48. Rd7 Ke6 49. Rg7 Rxb2 50. Rxg6+ Kd7 51. Rg7+ Kd6 52. Rg6+
Kc7 53. Rg7+ Kc6 54. Rg6+ Kb5 55. h4 c3 56. Rg8 Kxb4 57. Rb8+ Ka4 58. Rc8 0-1

[Event "GBR-ch 103th"]
[Site "Bournemouth"]
[Date "2016.07.25"]
[Round "1.42"]
[White "Smith, Andrew P"]
[Black "Jina, Taran"]
[Result "1-0"]
[WhiteElo "2145"]
[BlackElo "1764"]
[PlyCount "81"]
[EventDate "2016.07.25"]
[EventType "swiss"]
[EventRounds "11"]
[EventCountry "GBR"]

1. e4 e6 2. d4 d5 3. Nc3 Bb4 4. e5 Ne7 5. a3 Bxc3+ 6. bxc3 c5 7. Qg4 Qc7 8.
Qxg7 Rg8 9. Qxh7 cxd4 10. Ne2 Nbc6 11. h4 dxc3 12. Rh3 Qxe5 13. Rf3 Rg7 14. Qd3
d4 15. Bg5 Nd5 16. g3 Bd7 17. Rb1 b6 18. Bg2 Qd6 19. Bf6 Nxf6 20. Rxf6 Ke7 21.
Rh6 Rd8 22. Qf3 f5 23. Nf4 Rc8 24. Kf1 Ne5 25. Qh5 Be8 26. Qe2 Bd7 27. Re1 Rc5
28. Nd5+ Rxd5 29. Bxd5 Qxd5 30. Qxe5 Qxe5 31. Rxe5 Kd6 32. Rxf5 d3 33. Rf3 Bb5
34. Ke1 Rc7 35. Kd1 d2 36. Re3 Bd7 37. Rd3+ Ke7 38. Rh7+ Ke8 39. h5 e5 40. f3
Bf5 41. Rxc7 1-0

[Event "GBR-ch 103th"]
[Site "Bournemouth"]
[Date "2016.07.25"]
[Round "1.43"]
[White "Modi, Shyam Jagdish"]
[Black "Mason, Donald J"]
[Result "1/2-1/2"]
[WhiteElo "1655"]
[BlackElo "2143"]
[PlyCount "33"]
[EventDate "2016.07.25"]
[EventType "swiss"]
[EventRounds "11"]
[EventCountry "GBR"]

1. e4 d5 2. exd5 Nf6 3. d4 Bg4 4. Bb5+ Nbd7 5. f3 Bf5 6. c4 a6 7. Bxd7+ Qxd7 8.
Ne2 b5 9. b3 e6 10. dxe6 Qxe6 11. d5 Bb4+ 12. Bd2 Qd6 13. Nd4 O-O 14. O-O Bc5
15. Bc3 b4 16. Bb2 c6 17. Kh1 1/2-1/2

[Event "GBR-ch 103th"]
[Site "Bournemouth"]
[Date "2016.07.27"]
[Round "3.1"]
[White "Wells, Peter K"]
[Black "Adams, Michael"]
[Result "1/2-1/2"]
[WhiteElo "2419"]
[BlackElo "2727"]
[PlyCount "63"]
[EventDate "2016.07.25"]
[EventType "swiss"]
[EventRounds "11"]
[EventCountry "GBR"]

1. Nf3 d5 2. d4 Nf6 3. c4 e6 4. g3 Bb4+ 5. Nbd2 O-O 6. Bg2 b6 7. O-O Bb7 8. Ne5
Be7 9. cxd5 Bxd5 10. e4 Bb7 11. Qc2 c5 12. dxc5 Qc7 13. Nec4 bxc5 14. Nb3 Nc6
15. Bf4 e5 16. Bg5 Nd4 17. Nxd4 cxd4 18. Rac1 h6 19. Bd2 Rac8 20. Rfe1 Ba6 21.
Bf1 Qb7 22. Qb1 Qb8 23. b4 Bb5 24. Qb3 Bd7 25. a4 Be6 26. Qb1 Nd7 27. Na5 Nb6
28. Nc6 Rxc6 29. Rxc6 Bd7 30. Rcc1 Nxa4 31. Bc4 Bg5 32. Bxg5 1/2-1/2

[Event "GBR-ch 103th"]
[Site "Bournemouth"]
[Date "2016.07.27"]
[Round "3.2"]
[White "Howell, David WL"]
[Black "Houska, Jovanka"]
[Result "1-0"]
[WhiteElo "2663"]
[BlackElo "2386"]
[PlyCount "81"]
[EventDate "2016.07.25"]
[EventType "swiss"]
[EventRounds "11"]
[EventCountry "GBR"]

1. c4 e6 2. Nf3 d5 3. e3 Nf6 4. b3 Be7 5. Bb2 O-O 6. Nc3 c5 7. cxd5 exd5 8. d4
Nc6 9. Be2 Bg4 10. dxc5 Bxc5 11. O-O Rc8 12. h3 Be6 13. Bd3 Qe7 14. Ne2 Ba3 15.
Qb1 Bxb2 16. Qxb2 Nb4 17. Rad1 Nxd3 18. Rxd3 Bf5 19. Rc3 Rxc3 20. Nxc3 Be4 21.
Nd4 Qe5 22. Rc1 h5 23. Qa3 Ra8 24. Qc5 Nd7 25. Qb5 Nb6 26. Nxe4 Qxe4 27. a4 Qe7
28. a5 Rc8 29. Rd1 Rc5 30. Nf5 Qf8 31. Qb4 Nc8 32. Qxb7 g6 33. b4 Rc4 34. Qxd5
Rxb4 35. Nd4 Ne7 36. Qd7 a6 37. Rc1 Rb8 38. Rc7 Nd5 39. Qxd5 Rb1+ 40. Kh2 Qb8
41. Qxf7+ 1-0

[Event "GBR-ch 103th"]
[Site "Bournemouth"]
[Date "2016.07.27"]
[Round "3.3"]
[White "Eggleston, David J"]
[Black "Jones, Gawain CB"]
[Result "1/2-1/2"]
[WhiteElo "2376"]
[BlackElo "2650"]
[PlyCount "115"]
[EventDate "2016.07.25"]
[EventType "swiss"]
[EventRounds "11"]
[EventCountry "GBR"]

1. e4 e5 2. Nf3 Nc6 3. Bc4 Nf6 4. d3 Be7 5. O-O O-O 6. a4 d5 7. exd5 Nxd5 8. h3
Kh8 9. Re1 f6 10. d4 Bf5 11. c3 exd4 12. Nh4 Bxb1 13. Rxb1 f5 14. Nf3 Nb6 15.
Bd3 Bf6 16. Qc2 dxc3 17. bxc3 g6 18. Ba3 Re8 19. Red1 Qc8 20. h4 Ne5 21. Nxe5
Rxe5 22. c4 Qe6 23. c5 Nd5 24. Bc4 c6 25. Rxb7 Re1+ 26. Rxe1 Qxe1+ 27. Bf1 Nc3
28. Bb2 Rd8 29. Bxc3 Bxc3 30. Rb3 Bd4 31. h5 Kg7 32. Rb7+ Kh6 33. hxg6 hxg6 34.
Rb3 Rd5 35. Rf3 Rxc5 36. Qd3 Rd5 37. Qc4 Qe6 38. Qc1+ Kg7 39. Rh3 Rc5 40. Qh6+
Kf7 41. Qh7+ Bg7 42. Re3 Re5 43. Rxe5 Qxe5 44. Bc4+ Kf6 45. Qh4+ g5 46. Qh5 g4
47. Qf7+ Kg5 48. g3 a5 49. Bd3 Bf6 50. Qg8+ Kh6 51. Qf8+ Kg6 52. Qg8+ Bg7 53.
Qc4 Kg5 54. Qc1+ f4 55. gxf4+ Qxf4 56. Qxc6 Bd4 57. Qg6+ Kh4 58. Qh7+ 1/2-1/2

[Event "GBR-ch 103th"]
[Site "Bournemouth"]
[Date "2016.07.27"]
[Round "3.4"]
[White "Pert, Nicholas"]
[Black "Batchelor, Peter J"]
[Result "1/2-1/2"]
[WhiteElo "2570"]
[BlackElo "2341"]
[PlyCount "79"]
[EventDate "2016.07.25"]
[EventType "swiss"]
[EventRounds "11"]
[EventCountry "GBR"]

1. e4 c6 2. Nc3 d5 3. Nf3 Nf6 4. e5 Ne4 5. Ne2 Qb6 6. d4 e6 7. Nfg1 f6 8. f3
Ng5 9. exf6 gxf6 10. f4 Nf7 11. Nf3 Bd6 12. Ng3 Nd7 13. Be2 Qc7 14. Nh5 O-O 15.
Be3 f5 16. h3 Be7 17. g4 Nf6 18. Nxf6+ Bxf6 19. Rg1 Nd6 20. Bd3 Kh8 21. gxf5
exf5 22. Ne5 Be6 23. Qh5 Rg8 24. O-O-O Rxg1 25. Rxg1 Rg8 26. Ng6+ Rxg6 27. Rxg6
Qf7 28. Rh6 Qxh5 29. Rxh5 Kg7 30. Rg5+ Bxg5 31. fxg5 Ne4 32. h4 Bf7 33. a4 Bh5
34. b4 a6 35. b5 axb5 36. axb5 cxb5 37. Bxb5 Kf7 38. Bd7 Nd6 39. Bf4 Ke7 40.
Bxd6+ 1/2-1/2

[Event "GBR-ch 103th"]
[Site "Bournemouth"]
[Date "2016.07.27"]
[Round "3.5"]
[White "Brooks, Phil J"]
[Black "Hebden, Mark L"]
[Result "0-1"]
[WhiteElo "2190"]
[BlackElo "2509"]
[PlyCount "139"]
[EventDate "2016.07.25"]
[EventType "swiss"]
[EventRounds "11"]
[EventCountry "GBR"]

1. d4 Nf6 2. c4 g6 3. Nc3 Bg7 4. e4 d6 5. Nge2 Nbd7 6. Ng3 h5 7. Be2 e5 8. d5
h4 9. Nf1 Nc5 10. Qc2 a5 11. Bg5 Bd7 12. Nd2 Bh6 13. Bxh6 Rxh6 14. Nb3 b6 15.
Nxc5 bxc5 16. Qd2 Rh7 17. O-O Qe7 18. f4 Kf8 19. fxe5 Qxe5 20. Qf4 Ke7 21. Rf2
Qxf4 22. Rxf4 Be8 23. Raf1 Nd7 24. Nb5 Kd8 25. a4 Ne5 26. b3 Bxb5 27. axb5 Ke7
28. Ra1 Nd7 29. Bd3 Ra7 30. Rf2 Rh8 31. Rfa2 Rha8 32. Kf2 Kf6 33. Ke3 Kg5 34.
Kd2 Ne5 35. Kc3 Ng4 36. h3 Ne5 37. Rf2 f6 38. Bc2 Nd7 39. Raf1 a4 40. bxa4 Rxa4
41. Bxa4 Rxa4 42. Kb3 Rb4+ 43. Kc3 Ne5 44. Rxf6 Rxc4+ 45. Kd2 Rxe4 46. Re6 Rb4
47. Kc3 Rxb5 48. Re7 Ra5 49. Rb1 Ra7 50. Rh7 c4 51. Rb2 Ra3+ 52. Kd4 Rd3+ 53.
Ke4 c6 54. dxc6 Nxc6 55. Rb5+ Kf6 56. Rd5 Nb4 57. Rxd3 Nxd3 58. Rxh4 Ke6 59.
Kd4 d5 60. Rg4 Ne5 61. Rg5 Nc6+ 62. Kc5 Ne7 63. Rg3 Nf5 64. Rxg6+ Ke5 65. Rg8
c3 66. Re8+ Kf4 67. Kxd5 c2 68. Re1 Ne3+ 69. Kd4 Nd1 70. Re4+ 0-1

[Event "GBR-ch 103th"]
[Site "Bournemouth"]
[Date "2016.07.27"]
[Round "3.6"]
[White "Rudd, Jack"]
[Black "Gormally, Daniel W"]
[Result "1/2-1/2"]
[WhiteElo "2213"]
[BlackElo "2494"]
[PlyCount "71"]
[EventDate "2016.07.25"]
[EventType "swiss"]
[EventRounds "11"]
[EventCountry "GBR"]

1. d4 Nf6 2. c4 e6 3. Nc3 Bb4 4. f3 c5 5. d5 Nh5 6. g3 d6 7. Bd2 O-O 8. Bg2 Nd7
9. a3 Ba5 10. e4 Nb6 11. b3 f5 12. dxe6 Bxe6 13. Nge2 f4 14. O-O fxg3 15. hxg3
a6 16. g4 Nf6 17. Ng3 h6 18. Nce2 Nc8 19. Nf4 Bf7 20. Nf5 Bxd2 21. Qxd2 b5 22.
Rad1 Qc7 23. Nxd6 Nxd6 24. Qxd6 Qxd6 25. Rxd6 bxc4 26. e5 Rfd8 27. Rxd8+ Rxd8
28. bxc4 Bxc4 29. exf6 Bxf1 30. Bxf1 gxf6 31. Bxa6 Ra8 32. Bc4+ Kf8 33. Be2
Rxa3 34. Ne6+ Ke7 35. Nxc5 h5 36. gxh5 1/2-1/2